| 000 | 00720nam a2200277Ia 4500 | ||
|---|---|---|---|
| 001 | Z_1623 | ||
| 003 | CHAP | ||
| 008 | 220113s1990 xx 000 0 und d | ||
| 010 | _a164710 | ||
| 040 | _cCHAP | ||
| 082 | _a636.4089 C6 | ||
| 100 | _a | ||
| 245 |
_aColor Atlas of diseases and disorders of the pig / _cby W. J. Smith, D. J. Taylor and R. H. C. Penny |
||
| 260 |
_aAmes : _bIowa State University, _c1990 |
||
| 300 | _a192 p. ; ilus. | ||
| 440 | _a | ||
| 500 | _a | ||
| 503 | _a163168 | ||
| 650 |
_aGanado porcino _xEnfermedades I. Smith, W. J. II. Taylor, D. J. III. Penny, R. H. _9138786 |
||
| 901 | _a636.4089 C6 | ||
| 902 | _aA | ||
| 910 | _a1990 | ||
| 942 | _c1 | ||
| 942 | _cc1 | ||
| 999 |
_c164710 _d164710 |
||